San Antonio International Airport Destinations (San Antonio, TX, USA) - Statistics

General Stats
  • This quiz has been taken 117 times
    45 since last reset
  • The average score is 41 of 49
Answer Stats
Airline Destination % Correct
American Airlines/American Eagle Dallas/Fort Worth
100%
Southwest Airlines Dallas (Love)
100%
Southwest Airlines Houston (Hobby)
100%
United Airlines/United Express Houston (Intercontinental)
100%
Delta Air Lines/Frontier Airlines/Southwest Airlines/Spirit Airlines Atlanta
97%
American Airlines Charlotte
97%
Frontier Airlines/Southwest Airlines/United Airlines Denver
97%
Aeroméxico/Viva/Volaris Mexico City
97%
American Airlines/American Eagle/Spirit Airlines Miami
97%
Delta Air Lines/Sun Country Airlines Minneapolis/St. Paul
97%
Frontier Airlines/Southwest Airlines/Spirit Airlines Orlando
97%
United Airlines/United Express San Francisco
97%
United Airlines/United Express Washington (Dulles)
97%
American Airlines Washington (National)
97%
Southwest Airlines/Spirit Airlines Baltimore
94%
Delta Air Lines Boston
94%
Southwest Airlines Chicago (Midway)
94%
American Airlines/United Airlines/United Express Chicago (O'Hare)
94%
American Airlines/American Eagle/Delta Air Lines/Southwest Airlines/Spirit Airlines Los Angeles
94%
American Airlines Philadelphia
94%
American Airlines/American Eagle/Frontier Airlines/Southwest Airlines Phoenix (Sky Harbor)
94%
Southwest Airlines/Spirit Airlines Nashville
91%
Southwest Airlines/Spirit Airlines New Orleans
91%
Delta Air Lines New York (JFK)
91%
Delta Air Lines Salt Lake City
91%
Air Canada Toronto (Pearson)
91%
Southwest Airlines/Sun Country Airlines Cancún
88%
Delta Air Lines/Spirit Airlines Detroit
88%
Southwest Airlines El Paso
88%
Southwest Airlines/Spirit Airlines Fort Lauderdale
88%
Southwest Airlines San Diego
88%
Alaska Airlines Seattle/Tacoma
88%
Southwest Airlines/Spirit Airlines Tampa
88%
Volaris Guadalajara
84%
Southwest Airlines Kansas City
84%
Frontier Airlines/Southwest Airlines/Spirit Airlines/Sun Country Airlines Las Vegas
84%
Viva/Volaris Monterrey
84%
United Airlines Newark
84%
Southwest Airlines Oklahoma City
84%
Southwest Airlines St. Louis
84%
Southwest Airlines Albuquerque
81%
Viva León/Del Bajío
53%
Spirit Airlines San Juan
47%
Southwest Airlines Burbank
34%
Volaris Morelia
34%
Southwest Airlines Colorado Springs
31%
Viva Querétaro
31%
Volaris San Luis Potosí
31%
Viva Torreón/Gómez Palacio
28%
No matching quizzes found
Score Distribution
Percent of People with Each Score
Percentile by Number Answered
Your Score History
You have not taken this quiz since the last reset